| LEADER 00000nam 2200000uu 4500 |
| 001 13399120870 |
| 003 BCNR |
| 008 110402s2555||||th 000 0 tha d |
| 020 ^a9786167707235
|
| 041 0 ^atha
|
| 060 04 ^aWA292^bอ373ก 2555
|
| 100 0 ^aอรวรรณ แก้วบุญชู
|
| 245 00 ^aการปฐมพยาบาลในสถานประกอบการ :^bการประเมินความต้องการ เทคนิคการช่วยเหลือ /^cอรวรรณ แก้วบุญชู
|
| 250 ^aพิมพ์ครั้งที่ 1
|
| 260 ^aกรุงเทพฯ :^bอรุณการพิมพ์,^c2555
|
| 300 ^a93 หน้า :^bภาพประกอบ ;^c21 ซม.
|
| 504 ^aมีบรรณานุกรมและดัชนี
|
| 650 7 ^aปฐมพยาบาล
|
| 650 7 ^aสถานประกอบการ
|
| 650 7 ^aความปลอดภัยในงานอุตสาหกรรม
|
| 710 2 ^aมหาวิทยาลัยมหิดล. ^bคณะสาธารณสุขศาสตร์.^bภาควิชาการพยาบาลสาธารณสุข
|
| 999 ^aบรรณารักษ์
|